Introducción a la contaminación atmosférica

Zapisane w:
Opis bibliograficzny
1. autor: Jorquera González, Héctor (Autor)
Format: Książka
Język:hiszpański
Wydane: Santiago Ediciones UC 2015
Wydanie:1a. ed
Hasła przedmiotowe:
Etykiety: Dodaj etykietę
Nie ma etykietki, Dołącz pierwszą etykiete!

MARC

LEADER 00000cam a2200000 a 4500
001 UCC9259
003 CL-VaPUC
005 20221006074644.0
008 190914e20150000cl |||||||||||||||||spa|d
020 |a 9789561415195 
040 |c Pontificia Universidad Católica de Valparaíso 
082 0 4 |a 363.7392  |b JOR  |2 21 
100 |a Jorquera González, Héctor  |e author  |9 604227 
245 1 0 |a Introducción a la contaminación atmosférica 
250 |a 1a. ed 
260 |a Santiago  |b Ediciones UC  |c 2015 
300 |a 525 p 
583 |a last modification  |c 20190914 23:07:00  |k Rodrigo Vera 
650 0 |a Contaminación atmosférica  |9 262775 
650 0 |a Contaminación ambiental  |9 314181 
650 7 |a CONTAMINANTES  |2 CL-VaPUC  |9 259641 
650 0 |a Protección del medio ambiente  |9 257626 
942 |c BK 
945 |d 20190914 23:07:00  |a dcastane 
999 |c 375452  |d 375450 
952 |0 0  |1 0  |3 erb  |4 0  |6 363_739200000000000_JOR_2015  |7 0  |8 A  |9 494425  |a BIBING  |b BIBING  |i 556087K  |o 363.7392 JOR 2015  |p 556087K  |r 2025-01-20  |w 2019-11-24  |y BK  |z Catalogado en:20190914  |k EIQ 
952 |0 0  |1 0  |3 erb  |4 0  |6 363_739200000000000_JOR_2015  |7 0  |8 A  |9 494426  |a BIBING  |b BIBING  |i 5560861  |o 363.7392 JOR 2015  |p 5560861  |r 2025-01-20  |w 2019-11-24  |y BK  |z Catalogado en:20190914  |k EIQ 
952 |0 0  |1 0  |3 erb  |4 0  |6 363_739200000000000_JOR_2015  |7 0  |8 A  |9 494427  |a BIBING  |b BIBING  |i 5560853  |o 363.7392 JOR 2015  |p 5560853  |r 2025-01-20  |w 2019-11-24  |y BK  |z Catalogado en:20190914  |k EIQ 
952 |0 0  |1 0  |3 erb  |4 0  |6 363_739200000000000_JOR_2015  |7 0  |8 A  |9 494428  |a BIBING  |b BIBING  |i 5560845  |o 363.7392 JOR 2015  |p 5560845  |r 2025-01-20  |w 2019-11-24  |y BK  |z Catalogado en:20190914  |k EIQ 
952 |0 0  |1 0  |3 erb  |4 0  |6 363_739200000000000_JOR_2015  |7 0  |8 A  |9 494429  |a BIBING  |b BIBING  |i 5560837  |o 363.7392 JOR 2015  |p 5560837  |r 2025-01-20  |w 2019-11-24  |y BK  |z Catalogado en:20190914  |k EIQ